<?xml version="1.0" encoding="UTF-8"?>
<record
    xmlns:xsi="http://www.w3.org/2001/XMLSchema-instance"
    xsi:schemaLocation="http://www.loc.gov/MARC21/slim http://www.loc.gov/standards/marcxml/schema/MARC21slim.xsd"
    xmlns="http://www.loc.gov/MARC21/slim">

  <leader>03142nam a2200229 a 4500</leader>
  <controlfield tag="005">20240903085030.0</controlfield>
  <controlfield tag="008">      s2003||||ag     f |||| 001 0 spa d</controlfield>
  <datafield tag="020" ind1=" " ind2=" ">
    <subfield code="a">9507863699</subfield>
  </datafield>
  <datafield tag="041" ind1=" " ind2=" ">
    <subfield code="a">spa</subfield>
  </datafield>
  <datafield tag="092" ind1=" " ind2=" ">
    <subfield code="c">190</subfield>
    <subfield code="l">33</subfield>
    <subfield code="s">HEI</subfield>
  </datafield>
  <datafield tag="100" ind1="1" ind2=" ">
    <subfield code="a">Heidegger, Martin.</subfield>
    <subfield code="9">1042</subfield>
  </datafield>
  <datafield tag="245" ind1=" " ind2=" ">
    <subfield code="a">Aportes a la filosof&#xED;a.</subfield>
    <subfield code="b">Acerca del evento /</subfield>
    <subfield code="c">Martin Heidegger</subfield>
  </datafield>
  <datafield tag="250" ind1=" " ind2=" ">
    <subfield code="a">1a ed.</subfield>
    <subfield code="b">Trad. Picotti C. Dina V.</subfield>
  </datafield>
  <datafield tag="260" ind1=" " ind2=" ">
    <subfield code="a">Buenos Aires: </subfield>
    <subfield code="b">Biblios ; Biblioteca Internacional;</subfield>
    <subfield code="c">2003.</subfield>
  </datafield>
  <datafield tag="300" ind1=" " ind2=" ">
    <subfield code="a">415 p.</subfield>
    <subfield code="c">23x16cm</subfield>
  </datafield>
  <datafield tag="500" ind1=" " ind2=" ">
    <subfield code="a">Heidegger, M. (2003). Aportes a la filosof&#xED;a. Acerca del evento. (1a ed.). Buenos Aires : Biblos ; Biblioteca Internacional.</subfield>
  </datafield>
  <datafield tag="505" ind1=" " ind2=" ">
    <subfield code="a">Estos manuscritos de Martin Heidegger  de 1936-1938 -publicados en 1989 a cien a&#xF1;os del nacimiento de su autor en el tomo 65 de las Obras Completas, bajo el t&#xED;tulo Beitr&#xE4;ge zur Phiosophie - Vom Ereignis, que ahora aparece en espa&#xF1;ol- bien pueden ser consideradas su segunda obra despu&#xE9;s de Ser y tiempo (1927). En efecto, tras el planteo fundamental-ontol&#xF3;gico de la pregunta por el ser que hiciera Ser y tiempo, significa el primer intento abarcador de un planteo m&#xE1;s originario, en el que se interroga por el sentido en tanto verdad y esenciarse del ser (Seyn) como acaecer. Se trata de un pensar inicial, que ha de preparar el tr&#xE1;nsito desde el fin de la historia de lo que el autor llama el primer comienzo, es decir, de la metaf&#xED;sica como pregunta conductora por el ser del ente, al otro comienzo, o sea, a la pregunta fundamental por la verdad del ser. Si bien a&#xFA;n no puede determinarse desde &#xE9;ste, es ya un pensar seg&#xFA;n su historia, que se configura en la estructura de seis ensambles: a partir de "la resonancia" de la verdad del ser en la experiencia indigente de su abandono en el ente, alcanzar "el pase" al otro comienzo y prepara "el salto" a aquella verdad, en pertenencia al esenciarse de ser como acaecer, desde el que "funda" la verdad de &#xE9;ste en tanto ser-ah&#xED; (Dasein) y su espacio de juego temporal; los que osan andar por el ocaso del acabamiento metaf&#xED;sico son los fundadores, los "futuros", quienes se ubican bajo las se&#xF1;as del "&#xFA;ltimo dios", el m&#xE1;s largo precurso de un profundo comienzo. En que la publicaci&#xF3;n de los Beitr&#xE4;ge, que permite a quienes hayan ido siguiendo los escritos heideggerianos aparecidos hasta el presente, reverlos en todo el despliegue de su camino pensante a trav&#xE9;s de sus planteos fundamentales, se haya dado s&#xF3;lo catorce a&#xF1;os despu&#xE9;s del comienzo de la edici&#xF3;n de Obras completas, se debe a indicaciones del mismo Heidegger, en el sentido de que deb&#xED;an preceder los Cursos (Volsegungen) como supuestos inevitables para la comprensi&#xF3;n de los escritos no publicados. Su aparici&#xF3;n coincide con un renovado inter&#xE9;s por este pensador, quien ademas de suscitar una atracci&#xF3;n permanente por su planteo originario de cuestiones fundamentales, ha sudo ubicado en medio de la discusi&#xF3;n posmoderna, junto con Friedrich Nietzsche, sin duda alguna, en lugar preferencial. </subfield>
  </datafield>
  <datafield tag="590" ind1=" " ind2=" ">
    <subfield code="a">Proyecto 4to libro, donacion Moraga Fernanda, septiembre 2017.</subfield>
  </datafield>
  <datafield tag="655" ind1=" " ind2=" ">
    <subfield code="a">Filosofia</subfield>
    <subfield code="9">2954</subfield>
  </datafield>
  <datafield tag="930" ind1=" " ind2=" ">
    <subfield code="a">3948</subfield>
  </datafield>
  <datafield tag="942" ind1=" " ind2=" ">
    <subfield code="2">ddc</subfield>
    <subfield code="c">BK</subfield>
  </datafield>
  <datafield tag="999" ind1=" " ind2=" ">
    <subfield code="c">2479</subfield>
    <subfield code="d">2479</subfield>
  </datafield>
  <datafield tag="952" ind1=" " ind2=" ">
    <subfield code="0">0</subfield>
    <subfield code="1">0</subfield>
    <subfield code="2">ddc</subfield>
    <subfield code="4">0</subfield>
    <subfield code="7">0</subfield>
    <subfield code="8">NFIC</subfield>
    <subfield code="a">BFM</subfield>
    <subfield code="b">BFM</subfield>
    <subfield code="c">CR</subfield>
    <subfield code="d">2017-09-26</subfield>
    <subfield code="e">Donaci&#xF3;n Moraga Fernanda. Septiembre 2017</subfield>
    <subfield code="l">0</subfield>
    <subfield code="o">190 33 HEI</subfield>
    <subfield code="p">3948</subfield>
    <subfield code="r">2017-09-26</subfield>
    <subfield code="t">Ej.1</subfield>
    <subfield code="w">2017-09-26</subfield>
    <subfield code="y">LIT</subfield>
    <subfield code="z">Proyecto 4to Libro. Donaci&#xF3;n Moraga, Fernanda. Septiembre 2017</subfield>
  </datafield>
</record>
